| 000 | 00921nam a2200253Ia 4500 | ||
|---|---|---|---|
| 003 | OSt | ||
| 005 | 20220923211250.0 | ||
| 006 | a|||||r|||| 00| 0 | ||
| 007 | ta | ||
| 008 | Pun | ||
| 020 |
_a9788178564791 (hbk) _c350 |
||
| 024 | _a328,392 | ||
| 037 |
_b1012, 25/01/2018, H.K. Prakashan _cTextual |
||
| 040 |
_aARTS _cARTS _bPun |
||
| 041 |
_2Pun _aPun |
||
| 082 | _aQ7:33, 153Q7 | ||
| 100 |
_aਤਲਵਾੜਾ, ਗੁਰਚਰਨ ਸਿੰਘ, ਂਚ. _9157566 |
||
| 245 | 0 | _aਪ੍ਰਸਿੱਧ ਪੈਫ਼ੰਬਰ ਅਤੇ ਸੂਖ਼ੀ ਦਰਵੇF | |
| 260 |
_aਅੰਮ੍ਰਿਤਸਰ _b ਵਾਰਿਸ Fਾਹ ਖ਼ਾਉ੍ਵਡੇFਨ _c2017 |
||
| 300 |
_a288ਪ0 _ccm. |
||
| 650 | _aਸੂਖ਼ਖ਼ੀਵਾਦ | ||
| 942 |
_hQ7:33, 153Q7 _cTEXL _2CC |
||
| 999 |
_c297934 _d297934 |
||